| Tag |
First Indicator |
Second Indicator |
Subfields |
| LEADER |
00000cam a2200000 a 4500 |
| 001 |
in00001468477 |
| 005 |
20151021052619.0 |
| 008 |
980410s1998 njua b 001 0 eng |
| 010 |
|
|
|a 98021196
|
| 020 |
|
|
|a 0805830669 (hardcover : alk. paper)
|
| 035 |
|
|
|a (OCoLC)39002828
|
| 035 |
|
|
|9 AJE4830AM
|
| 040 |
|
|
|a DLC
|c DLC
|d TXA
|d UtOrBLW
|
| 049 |
|
|
|a TXAM
|
| 050 |
0 |
0 |
|a BF376
|b .M47 1998
|
| 082 |
0 |
0 |
|a 153.1/2
|2 21
|
| 245 |
0 |
0 |
|a Memory distortions and their prevention /
|c edited by Margaret Jean Intons-Peterson, Deborah L. Best.
|
| 264 |
|
1 |
|a Mahwah, N.J. :
|b Lawrence Erlbaum Associates,
|c 1998.
|
| 300 |
|
|
|a x, 189 pages :
|b illustrations ;
|c 24 cm.
|
| 336 |
|
|
|a text
|b txt
|2 rdacontent
|
| 337 |
|
|
|a unmediated
|b n
|2 rdamedia
|
| 338 |
|
|
|a volume
|b nc
|2 rdacarrier
|
| 490 |
1 |
|
|a Challenges and controversies in applied cognition
|
| 504 |
|
|
|a Includes bibliographical references and indexes.
|
| 650 |
|
0 |
|a Memory disorders.
|
| 650 |
|
0 |
|a Memory.
|
| 700 |
1 |
|
|a Best, Deborah L.
|
| 700 |
1 |
|
|a Intons-Peterson, Margaret Jean.
|
| 830 |
|
0 |
|a Challenges and controversies in applied cognition.
|
| 948 |
|
|
|a c:jlg
|
| 999 |
|
|
|a MARS
|
| 999 |
f |
f |
|s 3e7e7954-2b17-36d2-8c75-6adf5d188ae1
|i f152abbd-2783-3a9f-9a2a-5fc12f7d84c2
|t 0
|
| 952 |
f |
f |
|p ric
|a Texas A&M University
|b Rellis Campus
|c Joint Library Facility
|d Remote Storage
|t 0
|e BF376 .M47 1998
|h Library of Congress classification
|i unmediated -- volume
|m A14823985438
|
| 998 |
f |
f |
|a BF376 .M47 1998
|t 0
|l Remote Storage
|